000
00264nam a2200109Ia 4500
005
20251222143309.0
008
251222s9999||||xx |||||||||||||| ||spa||
082
_a
927.914/S17
100
_a
"Singer, Kurt"
245
0
_a
La historia de Charles Laughton
942
_c
LIB
999
_c
15625
_d
15625